[Event "Memorial Jirasek"]
[Site "Rakovnik CEC"]
[Date "2008.08.12"]
[Round "5"]
[White "Stocek, J."]
[Black "Sergeev, Vl"]
[Result "0-1"]
[WhiteElo "2559"]
[BlackElo "2508"]
[PlyCount "84"]
[EventDate "2008.08.09"]
[Source "www.chesslib.no"]
[SourceDate "2004.05.04"]

1. d4 d5 2. c4 c6 3. Nf3 Nf6 4. Nc3 dxc4 5. g3 Nbd7 6. Bg2 g6 7. e4 Bg7 8. e5 Nd5 9. e6 fxe6 10. O-O O-O 11. Qe2 e5 12. dxe5 Nxc3 13. bxc3 Nb6 14. Rd1 Qc7 15. Be3 Bf5 16. Bxb6 axb6 17. Qxc4+ Kh8 18. e6 b5 19. Qe2 Bxc3 20. Rac1 Bf6 21. Nd4 Qe5 22. Qxe5 Bxe5 23. Nxf5 Rxf5 24. Be4 Rf6 25. Rd7 Rxe6 26. Bc2 Bb2 27. Bb3 Rd6 28. Rd1 Rxd1+ 29. Rxd1 Ba3 30. Rd7 Rb8 31. Kg2 Bd6 32. f4 b4 33. Kf3 Kg7 34. Ke4 b5 35. Ra7 Kf6 36. g4 c5 37. g5+ Kg7 38. Be6 c4 39. h4 Rf8 40. Ra6 Rxf4+ 41. Kd5 b3 42. axb3 cxb3 0-1

[Event "Montpellier op 7th"]
[Site "Montpellier"]
[Date "2000.07.??"]
[Round "6"]
[White "Gofshtein, Leonid D"]
[Black "Dimitrov, Vladimir"]
[Result "1-0"]
[WhiteElo "2561"]
[BlackElo "2499"]
[PlyCount "73"]
[EventDate "2000.07.05"]
[Source "www.chesslib.no"]
[SourceDate "2004.05.04"]

1. d4 d5 2. c4 c6 3. Nf3 Nf6 4. Nc3 dxc4 5. e3 b5 6. a4 b4 7. Na2 e6 8. Bxc4 Be7 9. O-O Nbd7 10. Bd2 a5 11. Nc1 O-O 12. Nb3 Bb7 13. Qe2 c5 14. Rfd1 Qb6 15. Be1 Rfc8 16. Bb5 Bd5 17. Nbd2 cxd4 18. Nxd4 Ne5 19. f4 Ng6 20. Bf2 e5 21. Nf5 Bc5 22. e4 Be6 23. Rac1 Nxf4 24. Qf1 Kf8 25. Rxc5 Rxc5 26. g3 Ng6 27. Nc4 Bxc4 28. Bxc4 Qc7 29. Bxc5+ Qxc5+ 30. Kg2 Ne7 31. Qd3 Nxf5 32. exf5 g6 33. fxg6 hxg6 34. Qd6+ Qxd6 35. Rxd6 Ke7 36. Rc6 Nd7 37. h4 1-0

[Event "Cannes masters k.o."]
[Site "Cannes"]
[Date "2000.02.22"]
[Round "4.6"]
[White "Kogan, Artur"]
[Black "Savchenko, Stanislav"]
[Result "1/2-1/2"]
[WhiteElo "2483"]
[BlackElo "2574"]
[PlyCount "106"]
[EventDate "2000.02.19"]
[Source "ChessBase"]
[SourceDate "2000.05.31"]

1. d4 d5 2. c4 c6 3. Nf3 Nf6 4. Nc3 dxc4 5. e4 b5 6. e5 Nd5 7. a4 e6 8. axb5 Nxc3 9. bxc3 cxb5 10. Ng5 Qd7 11. Be2 Bb7 12. O-O Bd5 13. f4 Nc6 14. Qc2 h6 15. Ne4 Be7 16. f5 exf5 17. Rxf5 b4 18. Rf4 b3 19. Qd1 Rb8 20. Bb2 O-O 21. Qe1 Rb6 22. Qg3 Bxe4 23. Rxe4 Nd8 24. Bxc4 Ne6 25. d5 Nc5 26. Rg4 g5 27. d6 Bd8 28. h4 Qf5 29. Rf1 Qg6 30. Ba3 b2 31. Bxc5 b1=Q 32. Rxb1 Rxb1+ 33. Kh2 Bb6 34. Bd3 Qh5 35. Bxb1 Bxc5 36. Qd3 f5 37. exf6 Bxd6+ 38. Kh3 Rxf6 39. Qh7+ Kf8 40. Qh8+ Ke7 41. Qg7+ Qf7 42. Qxf7+ Rxf7 43. h5 Rf1 44. Re4+ Kf6 45. Bd3 Rf4 46. g3 Rxe4 47. Bxe4 Ke5 48. Bc6 a5 49. Kg4 Bc5 50. Bb5 Bd6 51. Ba4 Kd5 52. c4+ Kc5 53. Kf5 Bxg3 1/2-1/2

[Event "RUS-Cup1 Chigorin mem"]
[Site "St Petersburg"]
[Date "1996.??.??"]
[Round "6"]
[White "Poluljahov, Aleksandr"]
[Black "Solozhenkin, Evgeniy"]
[Result "1/2-1/2"]
[WhiteElo "2490"]
[BlackElo "2565"]
[PlyCount "156"]
[EventDate "1996.11.??"]
[Source "ChessBase"]

1. Nf3 d5 2. d4 Nf6 3. c4 c6 4. Nc3 dxc4 5. Ne5 Nbd7 6. Nxc4 b5 7. Nd2 Bb7 8. Nf3 e6 9. a3 b4 10. axb4 Bxb4 11. g3 Ne4 12. Bd2 Nxd2 13. Qxd2 c5 14. Bg2 O-O 15. O-O Qb6 16. dxc5 Nxc5 17. Qc2 Rfc8 18. Ng5 f5 19. Nd5 Bxd5 20. Bxd5 Ne4 21. Qd3 Nxg5 22. Bxa8 Rxa8 23. Ra6 Qb7 24. h4 Ne4 25. Rxe6 Nc5 26. Re7 Qxe7 27. Qd5+ Ne6 28. Qxa8+ Kf7 29. Rd1 Bc5 30. Qc6 Qf6 31. b4 Bxb4 32. Rd7+ Be7 33. Rxa7 f4 34. Ra8 Qe5 35. Qe8+ Kf6 36. Ra7 Qc5 37. Qa8 Nc7 38. Qb7 fxg3 39. Qf3+ Ke6 40. Qe4+ Kd6 41. Qf4+ Kd7 42. Ra4 Ne6 43. Qf3 gxf2+ 44. Qxf2 Qc1+ 45. Qf1 Qc5+ 46. Qf2 Qc1+ 47. Qf1 Qxf1+ 48. Kxf1 Kd6 49. Kg2 Ke5 50. e3 Nc5 51. Ra7 Ke6 52. h5 Ne4 53. Kf3 Nf6 54. Ra5 h6 55. e4 Bd6 56. Rf5 Be5 57. Ke3 Nh7 58. Rf1 Nf6 59. Rh1 Bd6 60. Kf3 Nd7 61. Rg1 Be5 62. Rd1 Bf6 63. Rc1 Ne5+ 64. Kg3 Nf7 65. Rb1 Bd4 66. Kf4 Ne5 67. Rd1 Bb6 68. Ra1 Nd3+ 69. Kf3 Bc5 70. Rd1 Ne5+ 71. Kf4 Be7 72. Rb1 Bg5+ 73. Kg3 Nd7 74. Kf3 Nf6 75. Rh1 Ke5 76. Rh2 Kd4 77. Re2 Nxe4 78. Rxe4+ Kd5 1/2-1/2

[Event "EU-ch 2nd"]
[Site "Ohrid"]
[Date "2001.06.06"]
[Round "6"]
[White "Eljanov, Pavel"]
[Black "Godena, Michele"]
[Result "1-0"]
[WhiteElo "2558"]
[BlackElo "2494"]
[PlyCount "85"]
[EventDate "2001.06.01"]
[Source "ChessBase"]
[SourceDate "2001.09.13"]

1. d4 d5 2. c4 c6 3. Nf3 Nf6 4. Nc3 dxc4 5. e4 b5 6. e5 Nd5 7. a4 e6 8. Ng5 h6 9. Nge4 b4 10. Nb1 Ba6 11. Nbd2 Nf4 12. Qg4 Nd3+ 13. Bxd3 cxd3 14. O-O h5 15. Qf4 Be7 16. Nf3 Qd5 17. Bd2 Nd7 18. Rfe1 c5 19. dxc5 Nxc5 20. Bxb4 Nxe4 21. Rxe4 Bxb4 22. Rxb4 O-O 23. Nd2 f6 24. exf6 Rxf6 25. Qe3 Rf7 26. Rd4 Qc6 27. b4 Bb7 28. f3 Rd7 29. Rxd7 Qxd7 30. Nb3 Qd5 31. Nc5 a5 32. b5 Rd8 33. Rd1 d2 34. Nxb7 Qxb7 35. Rxd2 Rxd2 36. Qxd2 Qc7 37. h3 h4 38. Qd4 Qc1+ 39. Kh2 Qe1 40. Qe4 Qg3+ 41. Kh1 Kf7 42. b6 Qd6 43. Qb1 1-0

[Event "Santiago"]
[Site "?"]
[Date "1989.??.??"]
[Round "?"]
[White "Morovic Fernandez, I."]
[Black "Milos, Gilberto"]
[Result "0-1"]
[WhiteElo "2540"]
[BlackElo "2510"]
[PlyCount "78"]
[EventDate "1989.??.??"]
[Source "ChessBase"]
[SourceDate "1989.01.01"]

1. c4 c6 2. Nc3 d5 3. d4 Nf6 4. Nf3 dxc4 5. e4 b5 6. e5 Nd5 7. a4 e6 8. Ng5 h6 9. Nge4 b4 10. Nb1 Ba6 11. Nbd2 c3 12. Nc4 Bxc4 13. Bxc4 cxb2 14. Bxb2 Be7 15. O-O O-O 16. Qg4 Nd7 17. Rad1 Qc8 18. Rfe1 f5 19. exf6 N7xf6 20. Nxf6+ Rxf6 21. Re4 Qd7 22. Rde1 Re8 23. g3 Bd8 24. Qd1 Bb6 25. Bf1 Kh8 26. Qc2 Ref8 27. R1e2 Nc3 28. Bxc3 bxc3 29. Qxc3 e5 30. Rd2 Bxd4 31. Rexd4 exd4 32. Rxd4 Qe7 33. f4 Rb8 34. Qd2 Rff8 35. Rd7 Rfd8 36. Rxe7 Rxd2 37. Be2 Kg8 38. Kf2 Kf8 39. Re5 Re8 0-1

[Event "RUS-ch Armed Forces"]
[Site "?"]
[Date "1997.??.??"]
[Round "7"]
[White "Legky Nikolay A"]
[Black "Izmukhambetov Salauat"]
[Result "1-0"]
[WhiteElo "2535"]
[BlackElo "2510"]
[PlyCount "79"]
[EventDate "1997.??.??"]
[Source "www.chesslib.no"]
[SourceDate "2004.05.04"]

1. d4 d5 2. c4 c6 3. Nf3 Nf6 4. Nc3 dxc4 5. Ne5 Bf5 6. f3 Nfd7 7. Nxc4 e6 8. e4 Bg6 9. Bf4 Nb6 10. Na5 Qd7 11. a3 Be7 12. Be2 O-O 13. b4 Nc8 14. O-O b6 15. Nb3 f6 16. Qc2 Bd6 17. Be3 Ne7 18. Qd2 Qb7 19. Rfd1 Nd7 20. b5 cxb5 21. Nxb5 Bb8 22. Bf4 Bxf4 23. Qxf4 a6 24. Nc7 e5 25. Qc1 Bf7 26. d5 Rfc8 27. d6 b5 28. Qe3 Qa7 29. Qxa7 Rxa7 30. Na5 Ng6 31. g3 Nb8 32. Bf1 Nf8 33. Bh3 Rd8 34. Rac1 g6 35. Kf2 Kg7 36. Ke3 h5 37. f4 Nfd7 38. Ne6+ Bxe6 39. Bxe6 Nb6 40. Rc7+ 1-0

[Event "IBM"]
[Site "Amsterdam"]
[Date "1973.??.??"]
[Round "9"]
[White "Szabo, Laszlo"]
[Black "Marovic, Drazen"]
[Result "1/2-1/2"]
[WhiteElo "2565"]
[BlackElo "2480"]
[PlyCount "60"]
[EventDate "1973.??.??"]
[Source "ChessBase"]

1. d4 d5 2. c4 c6 3. Nc3 dxc4 4. Nf3 Nf6 5. e3 b5 6. a4 b4 7. Na2 e6 8. Bxc4 Nbd7 9. O-O Bb7 10. Qe2 Be7 11. b3 O-O 12. Bb2 c5 13. Rac1 Qa5 14. dxc5 Bxc5 15. Rfd1 Rfd8 16. Nd4 Rac8 17. Nb5 Qb6 18. Bd4 a6 19. Bxc5 Nxc5 20. Nd4 g6 21. f3 e5 22. Nc2 a5 23. Rxd8+ Rxd8 24. Rd1 Kg7 25. Rxd8 Qxd8 26. Nc1 Bd5 27. Qd2 Qa8 28. Bxd5 Qxd5 29. Qxd5 Nxd5 30. e4 Nb6 1/2-1/2

[Event "Tallinn"]
[Site "Tallinn EST"]
[Date "1989.??.??"]
[Round "6"]
[White "Borges Mateos, Juan"]
[Black "Drasko, Milan"]
[Result "1/2-1/2"]
[WhiteElo "2535"]
[BlackElo "2505"]
[PlyCount "80"]
[EventDate "1989.04.??"]
[Source "www.chesslib.no"]
[SourceDate "2004.05.04"]

1. d4 d5 2. c4 c6 3. Nc3 Nf6 4. Nf3 dxc4 5. e3 b5 6. a4 b4 7. Na2 e6 8. Bxc4 Be7 9. O-O Nbd7 10. a5 Qxa5 11. Bd2 Qb6 12. Qa4 c5 13. dxc5 Bxc5 14. Bxb4 O-O 15. Ba5 Qb7 16. Bb5 Rb8 17. Bc6 Nb6 18. Qb5 Bd7 19. Ne5 Bxc6 20. Nxc6 Nbd7 21. Qxb7 Rxb7 22. b4 Rc8 23. Nd8 Rb5 24. bxc5 Rxa5 25. Nb7 Ra4 26. Rfc1 Rc7 27. c6 Nb8 28. Nc5 Ra3 29. Nb4 Rxa1 30. Rxa1 Nxc6 31. Nxc6 Rxc6 32. Rxa7 g5 33. Nd3 Rc3 34. Ne1 Rc1 35. Kf1 Rb1 36. Ra2 g4 37. Rc2 Kg7 38. Ke2 h5 39. h3 Ne4 40. hxg4 hxg4 1/2-1/2

[Event "EU-ch 3rd"]
[Site "Batumi"]
[Date "2002.06.26"]
[Round "13"]
[White "Jobava, Baadur"]
[Black "Minasian, Ara"]
[Result "1-0"]
[WhiteElo "2566"]
[BlackElo "2473"]
[PlyCount "97"]
[EventDate "2002.06.12"]
[Source "ChessBase"]
[SourceDate "2002.09.20"]

1. d4 d5 2. c4 c6 3. Nc3 Nf6 4. Nf3 dxc4 5. g3 g6 6. Bg2 Bg7 7. Qc2 Bg4 8. e3 Nbd7 9. Nd2 Nb6 10. h3 Be6 11. O-O Qd7 12. Kh2 h5 13. Nf3 h4 14. g4 Bxg4 15. Ne5 Bf5 16. e4 Qxd4 17. Nf3 Qd6+ 18. Kg1 Nxe4 19. Nxe4 Qd7 20. Qe2 Bxh3 21. Bxh3 Qxh3 22. Nd6+ Kf8 23. Nxf7 Rh5 24. N7g5 Qg4+ 25. Kh2 e5 26. Rg1 Qf5 27. Be3 e4 28. Bc5+ Kg8 29. Qxe4 Qxe4 30. Nxe4 Re8 31. Nfg5 Bxb2 32. Rab1 Be5+ 33. Kh3 c3 34. f4 Bg7 35. Kg4 Rd8 36. f5 Nd7 37. Be7 Ne5+ 38. Kf4 Rd7 39. f6 Nd3+ 40. Ke3 c2 41. f7+ Kh8 42. Bf6 Rxf7 43. Nxf7+ Kg8 44. Rxb7 c1=Q+ 45. Rxc1 Nxc1 46. Bxg7 Kxg7 47. Nfg5+ Kh8 48. Nf6 Rh6 49. Ne6 1-0

[Event "Bucharest-A"]
[Site "Bucharest ROM"]
[Date "1994.??.??"]
[Round "?"]
[White "Komarov, Dimitri"]
[Black "Schwartzman, Gabriel"]
[Result "1/2-1/2"]
[WhiteElo "2535"]
[BlackElo "2500"]
[PlyCount "54"]
[EventDate "1994.??.??"]
[Source "www.chesslib.no"]
[SourceDate "2004.05.04"]

1. d4 d5 2. c4 c6 3. Nf3 Nf6 4. Nc3 dxc4 5. e3 b5 6. a4 b4 7. Na2 e6 8. Bxc4 Bb7 9. O-O Be7 10. Bd2 a5 11. Nc1 O-O 12. Nb3 Nbd7 13. Qe2 c5 14. Rfc1 Qb6 15. Be1 Rac8 16. Bb5 cxd4 17. Nfxd4 Nc5 18. Nxc5 Bxc5 19. Nb3 Bd6 20. Nd2 Bb8 21. f3 Rxc1 22. Rxc1 Rd8 23. Nc4 Qc5 24. Rd1 Rxd1 25. Qxd1 Bc7 26. Bf2 h6 27. Qd2 g5 1/2-1/2

[Event "USA-ch"]
[Site "USA"]
[Date "1988.??.??"]
[Round "?"]
[White "Alburt, Lev O"]
[Black "Frias, Victor J"]
[Result "0-1"]
[WhiteElo "2525"]
[BlackElo "2510"]
[PlyCount "124"]
[EventDate "1988.10.??"]
[Source "ChessBase"]

1. d4 d5 2. c4 c6 3. Nf3 Nf6 4. Nc3 dxc4 5. e4 b5 6. e5 Nd5 7. a4 h6 8. g3 b4 9. Ne4 Bf5 10. Nc5 e6 11. Bxc4 Nd7 12. Nb3 Be7 13. O-O O-O 14. Re1 a5 15. Be3 Nxe3 16. fxe3 c5 17. Rc1 cxd4 18. Nbxd4 Be4 19. Bb5 Nc5 20. Bc6 Bd5 21. Qe2 Rc8 22. Red1 Bxc6 23. Nxc6 Qe8 24. Nxa5 Qxa4 25. Ra1 Qe8 26. Nc4 Nb3 27. Nd6 Bxd6 28. exd6 Qc6 29. d7 Rcd8 30. Ra6 Qe4 31. Rad6 f5 32. Nd4 Nxd4 33. R1xd4 Qe5 34. Qd3 Rf7 35. Kf2 g5 36. Qc4 f4 37. gxf4 gxf4 38. Rxe6 fxe3+ 39. Ke1 Qf5 40. Re8+ Kh7 41. Rf4 Qb1+ 42. Ke2 Qxb2+ 43. Kxe3 Qa3+ 44. Ke2 Qb2+ 45. Kf3 Rxf4+ 46. Qxf4 Qc3+ 47. Ke2 Qc2+ 48. Qd2 Qxd2+ 49. Kxd2 Rxd7+ 50. Kc2 Rd4 51. Re6 Rh4 52. Kb3 Rxh2 53. Kxb4 Rc2 54. Kb3 Rc8 55. Rd6 h5 56. Kb2 Rc5 57. Kb3 h4 58. Kb4 Rh5 59. Kc3 h3 60. Rd1 Kg6 61. Kd4 h2 62. Rh1 Rh3 0-1

[Event "Bundesliga 9091"]
[Site "Germany"]
[Date "1991.??.??"]
[Round "?"]
[White "Knaak, Rainer"]
[Black "Hertneck, Gerald"]
[Result "0-1"]
[WhiteElo "2515"]
[BlackElo "2520"]
[PlyCount "98"]
[EventDate "1990.10.??"]
[Source "ChessBase"]
[SourceDate "1999.07.01"]

1. d4 d5 2. c4 c6 3. Nc3 Nf6 4. Nf3 dxc4 5. e3 b5 6. a4 b4 7. Nb1 Ba6 8. Be2 e6 9. O-O Be7 10. Nbd2 c3 11. bxc3 bxc3 12. Nb1 Qa5 13. Ba3 Bxa3 14. Rxa3 O-O 15. Nxc3 Nbd7 16. Bxa6 Qxa6 17. e4 Rab8 18. e5 Nd5 19. Ng5 Qc4 20. Nxd5 cxd5 21. Rg3 h6 22. Qd2 Rb3 23. Nf3 Kh8 24. Qf4 Qc2 25. h4 a5 26. Qg4 g6 27. Qf4 Kg7 28. Kh2 Rc3 29. h5 Qf5 30. Qxf5 exf5 31. hxg6 fxg6 32. Rb1 f4 33. Rh3 Rb8 34. Rxb8 Nxb8 35. Ng1 Rc4 36. Ne2 g5 37. Rb3 Nc6 38. Rb5 Rc2 39. Ng1 Rxf2 40. Rxd5 g4 41. Rd7+ Kf8 42. Rd6 Ne7 43. Rxh6 Nd5 44. Rh8+ Kg7 45. Rh4 Ne3 46. e6 Rxg2+ 47. Kh1 Rd2 48. Nf3 Rd1+ 49. Kh2 g3+ 0-1